| 000 | 00833cam a2200277 a 4500 | ||
|---|---|---|---|
| 999 |
_c2179 _d2179 |
||
| 001 | 772090 | ||
| 003 | OSt | ||
| 005 | 20230322093108.0 | ||
| 008 | 180725s2010 enka b 000 j eng d | ||
| 020 |
_a9781409516644 _q(pbk.) : |
||
| 040 |
_aTWTCL _beng _cTWTCL _eaacr _dKH8 |
||
| 041 | 0 | _aeng | |
| 042 | _anbic | ||
| 082 | 0 | _a823.92 MAC | |
| 100 | 1 |
_aMackinnon, Mairi. _eauthor |
|
| 245 | 1 | 0 |
_aStop that cow! / _cwritten by Mairi Mackinnon ; illustrated by Fred Blunt. |
| 260 |
_aLondon : _bUsborne, _c2010. |
||
| 300 |
_a32 p. : _bcol. ill. ; _c20 cm. |
||
| 490 | 1 |
_aUsborne very first reading ; _v7. |
|
| 490 | 1 | _aMy first reading library. | |
| 650 | 0 |
_aCows _xJuvenile fiction. |
|
| 700 | 1 |
_aBlunt, Fred. _eillustrator |
|
| 830 | 0 | _aUsborne very first reading. | |
| 830 | 0 | _aMy first reading library. | |
| 942 |
_2ddc _cNFIC |
||